Eschyle

Đã lưu trong:
Chi tiết về thư mục
Định dạng: Sách
Ngôn ngữ:Tiếng Tây Ban Nha
Được phát hành: París Les Belles Lettres 1921
Loạt:Collection des Universités de France
Những chủ đề:
Các nhãn: Thêm thẻ
Không có thẻ, Là người đầu tiên thẻ bản ghi này!

MARC

LEADER 00000nam a2200000 a 4500
001 UCO5804
003 CL-VaPUC
008 000915e19210000FR |||||||||||||||||spa|d
082 0 4 |a 882  |b ESC  |2 21 
245 1 0 |a Eschyle 
300 |a v 
942 |c BK 
945 |d 20000915 00:00:00  |a crobeson 
260 |a París  |b Les Belles Lettres  |c 1921 
500 |a v.1: Les suppliantes - Les perses - Les Sept contre Thèbes - Prométhée enchainé 
500 |a v.2: Agamemnon - Les choéphores - Les euménides 
600 0 |a Esquilo  |e autor   |9 269410 
650 0 |a Tragedia griega  |9 265362 
650 7 |a LITERATURA GRIEGA  |2 CL-VaPUC  |9 258054 
583 |a last modification  |c 20171130 17:22:55  |k Rodrigo Vera 
490 0 |a Collection des Universités de France 
999 |c 291634  |d 291632 
952 |0 0  |1 0  |4 0  |6 882_000000000000000_ESC_1921  |7 0  |8 X  |9 341652  |a BIBART  |b BIBART  |d 2019-11-20  |h v.2  |i 1223151  |o 882 ESC 1921  |p 1223151  |r 2025-03-13  |w 2019-11-20  |y BK_X  |k ART